Niektoré vývojové tendencie finančných trhov
Postavenie rozvojových ekonomík. Rozdielne tempá rastu. Charakteristika Číny a krajín vyvážajúcich ropu. Tendencie vývoja finančných trhov so zreteľom na vplyv rozvojových krajín.
Salvato in:
| Autore principale: | |
|---|---|
| Natura: | Capitolo di libro |
| Lingua: | slovacco |
| Soggetti: | |
| Tags: |
Nessun Tag, puoi essere il primo ad aggiungerne!!
|
MARC
| LEADER | 00000naa$a2200000$$$4500 | ||
|---|---|---|---|
| 001 | 0069203 | ||
| 005 | 20240502071833.7 | ||
| 041 | 0 | |a slo | |
| 044 | |a SK | ||
| 245 | 1 | 0 | |a Niektoré vývojové tendencie finančných trhov |c Karol Vlachynský |
| 520 | |a Postavenie rozvojových ekonomík. Rozdielne tempá rastu. Charakteristika Číny a krajín vyvážajúcich ropu. Tendencie vývoja finančných trhov so zreteľom na vplyv rozvojových krajín. | ||
| 610 | 2 | 0 | |a trh finančný |
| 610 | 2 | 0 | |a krajiny rozvojové |
| 610 | 2 | 0 | |a Čína |
| 610 | 2 | 0 | |a mzdy |
| 610 | 2 | 0 | |a sadzby úrokové |
| 610 | 2 | 0 | |a úver |
| 610 | 2 | 0 | |a stratégia investičná |
| 610 | 2 | 0 | |a mena |
| 100 | 1 | |a Vlachynský, Karol | |